Carbon, water and energy balance of rubber ecosystem (Record no. 55196)

MARC details
000 -LEADER
fixed length control field 00622nam a2200193Ia 4500
100 ## - MAIN ENTRY--AUTHOR NAME
Personal name Thaler Philippe
245 #0 - TITLE STATEMENT
Title Carbon, water and energy balance of rubber ecosystem
260 ## - PUBLICATION, DISTRIBUTION, ETC. (IMPRINT)
Name of publisher Preprints of Papers. International Natural Rubber Conference 13-14 November 2006, Vietnam, pp.172.
650 ## - SUBJECT ADDED ENTRY--TOPICAL TERM
Topical Term Energy balance
650 ## - SUBJECT ADDED ENTRY--TOPICAL TERM
Topical Term Rubber ecosystem
700 ## - ADDED ENTRY--PERSONAL NAME
Personal name Bonnefond Jean-Marc
700 ## - ADDED ENTRY--PERSONAL NAME
Personal name Chantuma Arak
700 ## - ADDED ENTRY--PERSONAL NAME
Personal name Kasemsap Poonpipope
700 ## - ADDED ENTRY--PERSONAL NAME
Personal name Patharalerpong Jessada
700 ## - ADDED ENTRY--PERSONAL NAME
Personal name Roupsard Oliver
700 ## - ADDED ENTRY--PERSONAL NAME
Personal name Siripornpakdeekul Pongpan
942 ## - ADDED ENTRY ELEMENTS (KOHA)
Koha item type Journals
Holdings
Withdrawn status Lost status Damaged status Not for loan Home library Current library Shelving location Date acquired Koha item type
      Journals RRII Library RRII Library Plant physiology 01/01/2021 Journals